[Event "FSV-ch 2014"]
[Site "Offene VM 2014"]
[Date "2014.05.22"]
[Round "7.5"]
[White "Bommert, Christian"]
[Black "Begna, Bozidar"]
[Result "1/2-1/2"]
[WhiteElo "1770"]
[BlackElo "1904"]
[PlyCount "63"]
[EventDate "2014.??.??"]
[Source "Pit Schulenburg"]
[SourceDate "2014.03.06"]

1. b4 e5 2. Bb2 f6 3. e4 Bxb4 4. Bc4 Nc6 5. Bxg8 Rxg8 6. Qh5+ Kf8 7. Qxh7 d5 8.
Nf3 dxe4 9. Qxe4 Be6 10. Nc3 Qd7 11. d3 Nd4 12. O-O c5 13. Nxd4 cxd4 14. Ne2
Bd5 15. Qg6 Bf7 16. Qe4 g5 17. c4 Bg6 18. Qf3 Kg7 19. Ng3 Rh8 20. Ne4 {(=)}
20... Raf8 21. Rab1 Bh5 22. Qg3 Be7 23. Bc1 b6 24. f4 exf4 25. Bxf4 Qg4 26.
Qxg4 Bxg4 27. Bd2 Be2 28. Nxg5 Kg6 (28... Bxf1 $19) 29. Ne6 Bxf1 30. Nxf8+ Bxf8
31. Rxf1 Rh5 32. Re1 1/2-1/2

[Event "FSV-ch 2014"]
[Site "Offene VM 2014"]
[Date "2014.05.22"]
[Round "7.6"]
[White "Dieckmann, Rudolf"]
[Black "Schütz, Ralf"]
[Result "1/2-1/2"]
[WhiteElo "1614"]
[BlackElo "1815"]
[PlyCount "41"]
[EventDate "2014.??.??"]
[Source "Pit Schulenburg"]
[SourceDate "2014.03.06"]

1. d4 Nf6 2. c4 e6 3. Nc3 Bb4 4. a3 Bxc3+ 5. bxc3 O-O 6. g3 Nc6 7. Qc2 Na5 8.
e4 d5 9. cxd5 exd5 10. e5 Re8 11. Bd3 h6 12. Ne2 Nd7 13. O-O c5 14. Nf4 Nf8 15.
Be3 Nc6 16. Qd2 c4 17. Bc2 Ne7 18. Nh5 Nf5 19. Bxf5 Bxf5 20. Bxh6 Ne6 21. Bxg7
1/2-1/2

[Event "FSV-ch 2014"]
[Site "Offene VM 2014"]
[Date "2014.05.22"]
[Round "7.7"]
[White "Jost, Udo"]
[Black "Jähnicke, Karl-Heinz"]
[Result "0-1"]
[WhiteElo "1838"]
[BlackElo "1743"]
[PlyCount "92"]
[EventDate "2014.??.??"]
[Source "Pit Schulenburg"]
[SourceDate "2014.03.06"]

1. c4 Nf6 2. Nf3 d6 3. d4 g6 4. Nc3 Bg7 5. Bg5 h6 6. Bd2 O-O 7. Qc1 Kh7 8. e4
Bg4 9. Bd3 Nc6 10. Ne2 e5 11. d5 Ne7 12. Nfg1 c6 13. f3 Bd7 14. h4 Rc8 15. Qb1
Nfg8 16. g4 Kh8 17. Ng3 Qb6 18. N1e2 cxd5 19. exd5 e4 20. Nxe4 f5 21. gxf5 gxf5
22. Nf2 Bxb2 23. Rg1 Rf7 24. a4 Bxa1 25. Qxa1+ Kh7 26. Nd4 Re8 27. Kf1 Ng6 28.
f4 Nxh4 29. Rh1 Qd8 30. Nh3 Nf6 31. Ng5+ hxg5 32. fxg5 Kg8 33. Rxh4 Rh7 34.
Rxh7 Nxh7 35. Nf3 Nf8 36. Nh4 Qe7 37. Nf3 Ng6 38. Qd4 b6 39. Bc3 Ne5 40. a5 Qh7
41. Nxe5 dxe5 42. Qg1 Qh3+ 43. Ke2 e4 44. Bb1 Qxc3 45. axb6 Qxc4+ 46. Kd2 e3+
0-1

[Event "FSV-ch 2014"]
[Site "Offene VM 2014"]
[Date "2014.05.22"]
[Round "7.9"]
[White "Zhang, Jingfu"]
[Black "Rauschenbusch, Udo"]
[Result "1/2-1/2"]
[WhiteElo "1533"]
[BlackElo "1674"]
[PlyCount "72"]
[EventDate "2014.??.??"]
[Source "Pit Schulenburg"]
[SourceDate "2014.03.06"]

1. e4 d6 2. d4 g6 3. Nf3 Bg7 4. Be3 c6 5. c3 Nd7 6. Bc4 Ngf6 7. Nbd2 b5 8. Bb3
O-O 9. O-O Bb7 10. Bc2 a5 11. a3 e6 12. h3 c5 13. dxc5 Nxc5 14. Bxc5 dxc5 15.
Qe2 Qb6 16. Rfd1 Rfd8 17. Qe3 Rac8 18. Rab1 Qc7 19. Nb3 Rxd1+ 20. Rxd1 a4 21.
Nc1 Qc6 22. Ne5 Qc7 23. Nf3 e5 24. Nd2 c4 25. Ne2 Bf8 26. Qf3 Nd7 27. h4 f5 28.
Qh3 f4 29. Qe6+ Kh8 30. Nf3 Nc5 31. Qxe5+ Qxe5 32. Nxe5 Re8 33. Nf7+ Kg8 34.
Ng5 h6 35. Nh3 Bxe4 36. Bxe4 Rxe4 1/2-1/2

[Event "FSV-ch 2014"]
[Site "Offene VM 2014"]
[Date "2014.05.22"]
[Round "7.10"]
[White "Boeck, Matthias"]
[Black "Mokros, Jürgen"]
[Result "1/2-1/2"]
[WhiteElo "1697"]
[BlackElo "1528"]
[PlyCount "39"]
[EventDate "2014.??.??"]
[Source "Pit Schulenburg"]
[SourceDate "2014.03.06"]

1. f4 d5 2. Nf3 Nf6 3. g3 Bf5 4. Bg2 Nbd7 5. O-O c6 6. d3 Qc7 7. h3 h6 8. c3
O-O-O 9. b4 e5 10. g4 Bh7 11. fxe5 Nxe5 12. Nxe5 Qxe5 13. Bf4 Qe6 14. a4 g5 15.
Bh2 Nd7 16. Qe1 Re8 17. Qg3 Qe3+ 18. Rf2 Qxg3 19. Bxg3 Re3 20. Bh2 {(=)}
1/2-1/2

[Event "FSV-ch 2014"]
[Site "Offene VM 2014"]
[Date "2014.05.22"]
[Round "7.11"]
[White "Reschop, Romano"]
[Black "Nettbohl, Werner"]
[Result "1-0"]
[WhiteElo "1701"]
[BlackElo "1445"]
[PlyCount "51"]
[EventDate "2014.??.??"]
[Source "Pit Schulenburg"]
[SourceDate "2014.03.06"]

1. e4 e5 2. f4 Bc5 3. Nf3 d6 4. Bc4 Nc6 5. Nc3 a6 6. Nd5 Nf6 7. Nxf6+ Qxf6 8.
f5 h6 9. c3 O-O 10. b4 Ba7 11. d3 Rb8 12. Qe2 b5 13. Bb3 Bb7 14. Be3 Bxe3 15.
Qxe3 Rfe8 16. O-O Ne7 17. g4 d5 18. g5 hxg5 19. Nxg5 Qh6 20. Rf3 Qb6 21. Kf2
Qxe3+ 22. Kxe3 c6 23. Rg1 g6 24. f6 Nc8 25. Rh3 Nd6 26. Rh7 1-0

[Event "FSV-ch 2014"]
[Site "Offene VM 2014"]
[Date "2014.05.22"]
[Round "7.12"]
[White "Schirmer, Michael"]
[Black "Khess, Roman"]
[Result "0-1"]
[WhiteElo "1523"]
[BlackElo "1629"]
[PlyCount "80"]
[EventDate "2014.??.??"]
[Source "Pit Schulenburg"]
[SourceDate "2014.03.06"]

1. c4 Nf6 2. Nc3 g6 3. g3 Bg7 4. Bg2 O-O 5. e3 d6 6. d4 c6 7. Nge2 Nbd7 8. O-O
Nb6 9. b3 Qc7 10. Rb1 a6 11. Re1 e5 12. Ba3 Rd8 13. d5 c5 14. e4 Nh5 15. Bc1
Bd7 16. Kh1 Qc8 17. Bf3 Bg4 18. Ng1 Bxf3+ 19. Qxf3 Rf8 20. g4 Nf6 21. h3 h5 22.
gxh5 Nxh5 23. Nge2 Qd7 24. Rg1 Kh7 25. Qg4 Qe7 26. Ng3 Nxg3+ 27. Rxg3 Bf6 28.
Bg5 Bxg5 29. Qxg5 Qxg5 30. Rxg5 Kg7 31. Rbg1 Rh8 32. Kh2 Rh4 33. R1g4 Rh6 34.
Rg1 Rah8 35. R5g3 Rh4 36. Nd1 Rxe4 37. Ne3 Rf4 38. Ng4 Nd7 39. Kg2 Nf6 40. f3
Nh5 0-1

[Event "FSV-ch 2014"]
[Site "Offene VM 2014"]
[Date "2014.05.22"]
[Round "7.14"]
[White "Vogt, Christian"]
[Black "Tautz, Eugen"]
[Result "1-0"]
[WhiteElo "1572"]
[BlackElo "1375"]
[PlyCount "99"]
[EventDate "2014.??.??"]
[Source "Pit Schulenburg"]
[SourceDate "2014.03.06"]

1. d4 d5 2. c4 dxc4 3. e3 e6 4. Bxc4 Nf6 5. Nc3 a6 6. a3 Nc6 7. Nf3 Be7 8. Qc2
b5 9. Nxb5 Bb7 10. Nc3 Qd6 11. Bd2 Rb8 12. O-O Na5 13. Qa4+ Nc6 14. Ne5 O-O 15.
Nd3 Ng4 16. g3 Nf6 17. Nc5 Bc8 18. N3e4 Nxe4 19. Nxe4 Qd7 20. Bc3 Bb7 21. Nc5
Bxc5 22. dxc5 Qe7 23. b4 Rfd8 24. Rfd1 h6 25. Bf1 Na7 26. Rxd8+ Rxd8 27. Bxa6
Bc6 28. Qc2 Qd7 29. Be2 Qd5 30. f3 Qg5 31. Kf2 Qh5 32. Kg2 Nc8 33. Rd1 Re8 34.
b5 Bd5 35. e4 Bb7 36. c6 Ba8 37. Bb4 Qe5 38. f4 Qf6 39. e5 Qf5 40. Qxf5 exf5
41. Bc4 Nb6 42. Bb3 h5 43. a4 g6 44. a5 Nc8 45. Rd7 Nd6 46. Bxd6 cxd6 47. Bxf7+
Kf8 48. Bxe8 Kxe8 49. exd6 h4 50. Ra7 1-0

[Event "FSV-ch 2014"]
[Site "Offene VM 2014"]
[Date "2014.05.22"]
[Round "7.15"]
[White "Benke, Werner"]
[Black "Yangibayev, Rustam"]
[Result "0-1"]
[WhiteElo "1529"]
[BlackElo "1481"]
[PlyCount "113"]
[EventDate "2014.??.??"]
[Source "Pit Schulenburg"]
[SourceDate "2014.03.06"]

1. d4 d5 2. Nf3 c6 3. Bf4 e6 4. Nbd2 f5 5. Ne5 Nd7 6. Ndf3 Ngf6 7. e3 a6 8. Be2
c5 9. O-O cxd4 10. exd4 Bd6 11. Nf7 Kxf7 12. Bxd6 Re8 13. c4 Qb6 14. Ba3 Kg8
15. b3 Qc7 16. Bb2 Nf8 17. Rc1 Qd6 18. Re1 Ng6 19. Bd3 Bd7 20. h3 Qf4 21. Qe2
Nh4 22. Nxh4 Qxh4 23. Qf3 Ne4 24. Re3 Rf8 25. Bxe4 fxe4 26. Qg3 Qf6 27. Rf1 Rf7
28. Qe5 Qh6 29. Qg3 Raf8 30. Ba3 Rc8 31. Rc3 Rf5 32. Bc1 Qf6 33. Be3 Rf8 34. a3
Qe7 35. c5 Qd8 36. Qd6 Qc8 37. a4 R8f6 38. Qh2 Rg6 39. f3 exf3 40. g3 Qc7 41.
Kf2 b5 42. c6 Bc8 43. axb5 Qa5 44. Rfc1 Qxb5 45. R1c2 a5 46. g4 Rf8 47. Qd6 Ba6
48. Kg3 Rgf6 49. c7 Bc8 50. Qd8 Qb6 51. Qe7 R6f7 52. Qc5 Qa6 53. b4 Qf1 54. b5
f2 55. Kh4 Rf3 56. Qd6 Qxh3+ 57. Kg5 0-1

[Event "FSV-ch 2014"]
[Site "Offene VM 2014"]
[Date "2014.05.22"]
[Round "7.16"]
[White "Zabel, Reinhard"]
[Black "Hast, Stefan"]
[Result "0-1"]
[WhiteElo "1484"]
[BlackElo "1201"]
[PlyCount "84"]
[EventDate "2014.??.??"]
[Source "Pit Schulenburg"]
[SourceDate "2014.03.06"]

1. e4 d5 2. exd5 Qxd5 3. Nc3 Qa5 4. Nf3 Nf6 5. d4 c6 6. Bd2 Qc7 7. Bd3 Bg4 8.
O-O e6 9. h3 Bh5 10. Be2 Nbd7 11. Ng5 Bg6 12. Bf3 h6 13. Nge4 Be7 14. Nxf6+
Nxf6 15. Re1 O-O-O 16. Ne2 Be4 17. Bxe4 Nxe4 18. c3 Bg5 19. Bxg5 hxg5 20. Qd3
Nf6 21. Qe3 g4 22. Qe5 gxh3 23. Qxc7+ Kxc7 24. g3 Ng4 25. Nf4 g5 26. Nd3 Rd5
27. f3 Nf6 28. Ne5 g4 29. f4 Rh7 30. Rad1 Nd7 31. Kh2 Nxe5 32. fxe5 f5 33. exf6
Rf5 34. Rf1 Rf7 35. Rxf5 exf5 36. Re1 Kd6 37. c4 Rxf6 38. Re5 b6 39. b4 f4 40.
c5+ bxc5 41. bxc5+ Kc7 42. gxf4 Rxf4 0-1

[Event "FSV-ch 2014"]
[Site "Offene VM 2014"]
[Date "2014.05.22"]
[Round "7.17"]
[White "Winkler, Harald"]
[Black "Kirmes, Hans-Uwe"]
[Result "0-1"]
[WhiteElo "1284"]
[BlackElo "1323"]
[PlyCount "38"]
[EventDate "2014.??.??"]
[Source "Pit Schulenburg"]
[SourceDate "2014.03.06"]

1. Nf3 c5 2. c4 Nc6 3. Nc3 d6 4. g3 Nf6 5. e3 Bg4 6. Be2 Qd7 7. O-O g6 8. Nh4
Bh3 9. Re1 g5 10. Ng2 h5 11. d4 b6 12. a3 h4 13. d5 Ne5 14. b3 hxg3 15. fxg3
Bxg2 16. Kxg2 Qh3+ 17. Kf2 Qxh2+ 18. Kf1 Qh1+ 19. Kf2 Rh2# 0-1

[Event "FSV-ch 2014"]
[Site "Offene VM 2014"]
[Date "2014.05.22"]
[Round "7.18"]
[White "Jentzsch, Werner W"]
[Black "Herrmann, Rudolf"]
[Result "0-1"]
[WhiteElo "1325"]
[BlackElo "1346"]
[PlyCount "118"]
[EventDate "2014.??.??"]
[Source "Pit Schulenburg"]
[SourceDate "2014.03.06"]

1. d4 d5 2. Nc3 Nc6 3. Bf4 e6 4. Nf3 Bd6 5. Qd2 Nf6 6. Ne5 O-O 7. e3 a6 8. Bd3
Re8 9. h3 Nb4 10. Be2 c5 11. a3 cxd4 12. exd4 Nc6 13. Bf3 Nd7 14. Nxc6 Bxf4 15.
Nxd8 Bxd2+ 16. Kxd2 Rxd8 17. g4 Nb6 18. b3 Bd7 19. Bg2 Rac8 20. f4 Rc7 21. Rac1
Rdc8 22. Ne2 Bb5 23. Bf3 Nd7 24. a4 Bxe2 25. Bxe2 Nf6 26. Bd3 a5 27. c4 b6 28.
Rhe1 dxc4 29. bxc4 Rd8 30. c5 bxc5 31. Rxc5 Ra7 32. Rec1 g6 33. Rc8 Rxc8 34.
Rxc8+ Kg7 35. f5 exf5 36. gxf5 g5 37. Rd8 h5 38. d5 Rd7 39. Rxd7 Nxd7 40. d6
Kf8 41. Bb5 Ke8 42. Kd3 Kd8 43. Kd4 f6 44. Kd5 g4 45. hxg4 hxg4 46. Ke6 g3 47.
Bc6 Nc5+ 48. Kxf6 Nxa4 49. Ke5 Nc5 50. f6 Nd7+ 51. Ke6 Nxf6 52. Kxf6 a4 53. Kf5
a3 54. Bd5 g2 55. Bxg2 a2 56. Bc6 a1=Q 57. d7 Qe1 58. Kf6 Qe7+ 59. Kf5 Qc5+ 0-1

[Event "FSV-ch 2014"]
[Site "Offene VM 2014"]
[Date "2014.05.22"]
[Round "7.19"]
[White "Kawka, Bogdan"]
[Black "Reker, Gerhard"]
[Result "1-0"]
[WhiteElo "1262"]
[BlackElo "878"]
[PlyCount "63"]
[EventDate "2014.??.??"]
[Source "Pit Schulenburg"]
[SourceDate "2014.03.06"]

1. d4 Nf6 2. c4 Nc6 3. Bg5 e6 4. e4 h6 5. Bxf6 Qxf6 6. Nf3 e5 7. d5 Nd4 8. Nxd4
exd4 9. a3 d6 10. Nd2 c5 11. Be2 Be7 12. b4 b6 13. O-O O-O 14. Nf3 Bg4 15. Re1
Bxf3 16. Bxf3 cxb4 17. axb4 Rac8 18. Qd3 Ra8 19. Ra2 Qe5 20. Rea1 a5 21. bxa5
bxa5 22. Rxa5 Rxa5 23. Rxa5 Qg5 24. Ra1 Bf6 25. g3 Be5 26. Bg2 f6 27. f4 Bxf4
28. gxf4 Qxf4 29. Qxd4 h5 30. Rf1 Qg4 31. Qb6 h4 32. h3 1-0

[Event "FSV-ch 2014"]
[Site "Offene VM 2014"]
[Date "2014.05.22"]
[Round "7.20"]
[White "Schmidt, Andreas N"]
[Black "Wilkins, Petra"]
[Result "1-0"]
[WhiteElo "1007"]
[BlackElo "982"]
[PlyCount "108"]
[EventDate "2014.??.??"]
[Source "Pit Schulenburg"]
[SourceDate "2014.03.06"]

1. e4 d6 2. d4 Nf6 3. Nc3 g6 4. Bf4 Bg7 5. e5 Nfd7 6. Bb5 c6 7. Ba4 b5 8. Bb3
O-O 9. Nf3 b4 10. Ne2 d5 11. Ng5 Qb6 12. O-O Ba6 13. Re1 e6 14. c3 c5 15. Bc2
Bxe2 16. Qxe2 Bh6 17. Qg4 f6 18. Nxh7 g5 19. exf6 Nxf6 20. Nxf6+ Rxf6 21. Bxg5
Bxg5 22. Qxg5+ Kf7 23. Qh5+ Ke7 24. Qxd5 Nc6 25. Bf5 Ne5 26. Rxe5 Rd8 27. Qe4
cxd4 28. Re1 Rd6 29. Qg4 d3 30. Qg7+ Rf7 31. Rxe6+ Rxe6 32. Rxe6+ Qxe6 33. Qg5+
Qf6 34. Qe3+ Kf8 35. Bxd3 bxc3 36. Qc5+ Kg7 37. bxc3 Rd7 38. Be2 Rd2 39. Qxa7+
Kh6 40. Qe3+ Qg5 41. f4 Qd5 42. c4 Qa5 43. c5 Qxa2 44. f5+ Kg7 45. Qg5+ Kf8 46.
Qh6+ Ke7 47. f6+ Kd7 48. c6+ Kxc6 49. f7+ Kd5 50. f8=Q Qa1+ 51. Kf2 Qa7+ 52.
Qe3 Rd4 53. Qf5+ Kd6 54. Qfe5+ Kc6 1-0

[Event "FSV-ch 2014"]
[Site "Offene VM 2014"]
[Date "2014.05.22"]
[Round "7.21"]
[White "Baier, Jörg"]
[Black "Jürgens, Ulrich"]
[Result "1-0"]
[WhiteElo "1517"]
[BlackElo "1062"]
[PlyCount "53"]
[EventDate "2014.??.??"]
[Source "Pit Schulenburg"]
[SourceDate "2014.03.06"]

1. d4 d5 2. c4 Nf6 3. cxd5 Nxd5 4. e4 Nb6 5. Bg5 f6 6. Be3 c6 7. Nc3 Be6 8.
Nge2 g6 9. Nf4 Qd7 10. Be2 Bg7 11. d5 cxd5 12. Bb5 Nc6 13. Nxe6 Qxe6 14. exd5
Nxd5 15. Qb3 Rd8 16. Rd1 Nc7 17. Rxd8+ Kxd8 18. Bc4 Qc8 19. O-O Ke8 20. Rd1 a6
21. Bb6 e6 22. Bxc7 Qxc7 23. Bxe6 Ne5 24. Nd5 Qc6 25. Nb4 Qb6 26. Qd5 Ke7 27.
Bg8 1-0

[Event "FSV-ch 2014"]
[Site "Offene VM 2014"]
[Date "2014.05.26"]
[Round "7.22"]
[White "Heinz, Hans-Werner"]
[Black "Rabe, Mark"]
[Result "1-0"]
[WhiteElo "1180"]
[BlackElo "1032"]
[PlyCount "77"]
[EventDate "2014.??.??"]
[Source "Pit Schulenburg"]
[SourceDate "2014.03.06"]

1. e4 Nc6 2. g3 e5 3. Bg2 d6 4. c3 Nf6 5. h3 Be7 6. d3 Bd7 7. Nf3 b5 8. O-O Qc8
9. Kh2 Nh5 10. Ng1 Nf6 11. Be3 O-O 12. Nd2 h5 13. Ndf3 Nh7 14. d4 f5 15. exf5
Bxf5 16. dxe5 dxe5 17. Qd5+ Qe6 18. Nh4 Rad8 19. Qxc6 Qxc6 20. Bxc6 Be6 21. Ng6
Bd6 22. Nxf8 Kxf8 23. Bxb5 h4 24. Bxa7 e4 25. Be3 Rb8 26. a4 g5 27. b4 Be5 28.
Rac1 g4 29. Be2 Nf6 30. Bc5+ Kf7 31. Kg2 Bd5 32. Be3 Be6 33. gxh4 gxh3+ 34.
Nxh3 Rg8+ 35. Ng5+ Ke8 36. f4 Bd6 37. Rh1 Nd5 38. Kf2 Rf8 39. Nxe6 1-0

[Event "FSV-ch 2014"]
[Site "Offene VM 2014"]
[Date "2014.06.05"]
[Round "8.1"]
[White "Nachbar, Benjamin"]
[Black "Zachos, Ingo"]
[Result "1-0"]
[WhiteElo "2169"]
[BlackElo "1871"]
[PlyCount "34"]
[EventDate "2014.??.??"]
[Source "Pit Schulenburg"]
[SourceDate "2014.03.06"]

1. d4 d6 2. Nf3 g6 3. c4 Bg7 4. e4 c5 5. d5 Na6 6. Bd3 Nc7 7. O-O a6 8. a4 b6
9. h3 Rb8 10. Nc3 Nf6 11. Re1 O-O 12. e5 Nfe8 13. Qe2 Bd7 14. Bg5 dxe5 15. Nxe5
f6 16. Nxd7 Qxd7 17. Bf4 Rf7 1-0

[Event "FSV-ch 2014"]
[Site "Offene VM 2014"]
[Date "2014.06.05"]
[Round "8.2"]
[White "Lauche, Christoph"]
[Black "Zelt, Jens"]
[Result "1/2-1/2"]
[WhiteElo "1887"]
[BlackElo "2001"]
[PlyCount "59"]
[EventDate "2014.??.??"]
[Source "Pit Schulenburg"]
[SourceDate "2014.03.06"]

1. e4 c5 2. Nf3 d6 3. d4 cxd4 4. Nxd4 Nf6 5. Nc3 a6 6. Rg1 g6 7. g4 Bd7 8. Be3
Nc6 9. f3 Qb6 10. Qd2 Ne5 11. Be2 Qb4 12. O-O-O h6 13. Nd5 Qxd2+ 14. Rxd2 Nxd5
15. exd5 Rc8 16. b3 g5 17. h4 gxh4 18. Rh1 Rc3 19. Bf2 Bg7 20. Kb2 Rc8 21. Bxh4
Ng6 22. Bg3 Be5 23. Bxe5 dxe5 24. Nf5 Bxf5 25. gxf5 Nf4 26. Bd3 Rd8 27. c4 h5
28. Be4 b6 29. b4 Rc8 30. Rc2 {(=)} 1/2-1/2

[Event "FSV-ch 2014"]
[Site "Offene VM 2014"]
[Date "2014.06.05"]
[Round "8.3"]
[White "Grube, Jörg"]
[Black "Bommert, Christian"]
[Result "0-1"]
[WhiteElo "1793"]
[BlackElo "1770"]
[PlyCount "38"]
[EventDate "2014.??.??"]
[Source "Pit Schulenburg"]
[SourceDate "2014.03.06"]

1. b4 e5 2. Bb2 Bxb4 3. Bxe5 Nf6 4. e3 O-O 5. Be2 Re8 6. Bb2 d5 7. Nf3 c5 8.
O-O Nc6 9. d4 c4 10. Ne5 Bf5 11. g4 Be6 12. f4 Ne4 13. c3 Ba5 14. f5 Bc8 15.
Nf3 Qd6 16. Ne1 Bc7 17. Nf3 Ng5 18. Kf2 Nxf3 19. Kxf3 Qxh2 0-1

[Event "FSV-ch 2014"]
[Site "Offene VM 2014"]
[Date "2014.06.05"]
[Round "8.4"]
[White "Brendemühl, Bernd"]
[Black "Guddat, Jörn"]
[Result "0-1"]
[WhiteElo "1962"]
[BlackElo "1777"]
[PlyCount "68"]
[EventDate "2014.??.??"]
[Source "Pit Schulenburg"]
[SourceDate "2014.03.06"]

1. e4 e6 2. d4 d5 3. Nc3 Bb4 4. e5 c5 5. a3 Bxc3+ 6. bxc3 Qc7 7. Nf3 Ne7 8. Bd3
b6 9. O-O Ba6 10. Re1 Bxd3 11. Qxd3 Nbc6 12. a4 Na5 13. dxc5 Qxc5 14. Ba3 Qc4
15. Qd2 Nf5 16. h3 Rc8 17. g4 Qxc3 18. Qf4 Rc4 19. Qg5 h6 20. Qc1 Qxf3 21. gxf5
Qxh3 22. Re3 Rg4+ 23. Rg3 Rxg3+ 24. fxg3 Qxg3+ 25. Kh1 Qf3+ 26. Kg1 Nc4 27.
fxe6 fxe6 28. Bb4 a5 29. Ba3 Qg3+ 30. Kh1 Nxa3 31. Rxa3 Qh4+ 32. Kg2 O-O 33.
Qe3 Qg4+ 34. Qg3 Qe2+ 0-1

[Event "FSV-ch 2014"]
[Site "Offene VM 2014"]
[Date "2014.06.05"]
[Round "8.6"]
[White "Begna, Bozidar"]
[Black "Dieckmann, Rudolf"]
[Result "0-1"]
[WhiteElo "1904"]
[BlackElo "1614"]
[PlyCount "70"]
[EventDate "2014.??.??"]
[Source "Pit Schulenburg"]
[SourceDate "2014.03.06"]

1. e4 c5 2. Nf3 Nc6 3. c3 a6 4. d4 cxd4 5. cxd4 d5 6. exd5 Qxd5 7. Nc3 Qd8 8.
Be3 e6 9. Bd3 Nf6 10. Ne5 Nd5 11. Nxc6 bxc6 12. O-O Bd6 13. Qg4 g6 14. Ne4 Be7
15. Qf3 Ra7 16. Rac1 f5 17. Nc5 h6 18. Bb1 Bd6 19. Nd3 Rc7 20. Ne5 Bxe5 21.
dxe5 Bb7 22. Bc5 Qh4 23. Qg3 Qh5 24. Bc2 g5 25. Bd1 Qg6 26. f4 Rg7 27. h4 Kd7
28. fxg5 hxg5 29. hxg5 Rgh7 30. Bf3 Rh1+ 31. Kf2 Rxf1+ 32. Kxf1 f4 33. Qe1 Rh1+
34. Bg1 Qd3+ 35. Be2 Qe3 0-1

[Event "FSV-ch 2014"]
[Site "Offene VM 2014"]
[Date "2014.06.05"]
[Round "8.7"]
[White "Jähnicke, Karl-Heinz"]
[Black "Boeck, Matthias"]
[Result "1/2-1/2"]
[WhiteElo "1743"]
[BlackElo "1697"]
[PlyCount "130"]
[EventDate "2014.??.??"]
[Source "Pit Schulenburg"]
[SourceDate "2014.03.06"]

1. d4 f5 2. c4 Nf6 3. Nc3 d6 4. Bf4 g6 5. Nf3 Bg7 6. Qd2 c6 7. Bh6 O-O 8. Bxg7
Kxg7 9. Ng5 h6 10. Nf3 Qc7 11. e3 e5 12. O-O-O a6 13. Kb1 b5 14. c5 e4 15. cxd6
Qxd6 16. Ne5 Nbd7 17. Nxd7 Bxd7 18. f3 a5 19. Be2 a4 20. Qc2 Nd5 21. Nxd5 Qxd5
22. Qc5 Be6 23. Qxd5 Bxd5 24. f4 g5 25. g3 g4 26. Rc1 Kf6 27. Rc5 h5 28. Bxb5
Ra5 29. Be2 Rxc5 30. dxc5 h4 31. Bd1 Rh8 32. Rg1 hxg3 33. hxg3 Rh2 34. b3 axb3
35. axb3 Rd2 36. b4 Bc4 37. Kc1 Rh2 38. Ba4 Ra2 39. Bc2 Ra1+ 40. Bb1 Ra4 41.
Rd1 Ke7 42. Rd4 Bb5 43. Kb2 Ra8 44. Ba2 Rh8 45. Bc4 Bxc4 46. Rxc4 Rh3 47. Kc3
Rxg3 48. Kd4 Rf3 49. Rc1 g3 50. b5 cxb5 51. c6 Kd8 52. Rd1 g2 53. Kc5+ Kc8 54.
Rg1 Rg3 55. Kb6 Rg6 56. Kxb5 Kc7 57. Kc5 Rg3 58. Kd5 Rxe3 59. Rxg2 Rd3+ 60. Kc5
Rc3+ 61. Kd5 Rxc6 62. Rg7+ Kb6 63. Rf7 Rc5+ 64. Kd4 Ra5 65. Rf6+ Kc7 1/2-1/2

[Event "FSV-ch 2014"]
[Site "Offene VM 2014"]
[Date "2014.06.05"]
[Round "8.8"]
[White "Mokros, Jürgen"]
[Black "Jost, Udo"]
[Result "0-1"]
[WhiteElo "1528"]
[BlackElo "1838"]
[PlyCount "106"]
[EventDate "2014.??.??"]
[Source "Pit Schulenburg"]
[SourceDate "2014.03.06"]

1. Nf3 c5 2. c4 Nc6 3. g3 Nf6 4. Bg2 d5 5. cxd5 Nxd5 6. Nc3 Nc7 7. O-O e5 8. d3
Be7 9. Nd2 O-O 10. Nc4 Be6 11. b3 f6 12. Bb2 Qd7 13. Ne3 Rad8 14. Re1 f5 15.
Rc1 Bg5 16. Na4 b6 17. Bxc6 Qxc6 18. Bxe5 f4 19. gxf4 Bxf4 20. Bxf4 Rxf4 21. f3
Bh3 22. Kf2 Qf6 23. Rg1 Ne6 24. Rc4 Nd4 25. Nc3 Be6 26. Ra4 Qh4+ 27. Kg2 a5 28.
Kh1 Bd7 29. Ng2 Qh6 30. Nxf4 Qxf4 31. Rc4 Bc6 32. Rg3 Rd6 33. Qf1 Rh6 34. Qg2
Qc7 35. Ne4 Nf5 36. Rc1 Bxe4 37. Rxg7+ Nxg7 38. dxe4 Rg6 39. Qh3 Ne6 40. e3 Qd8
41. Rg1 Rxg1+ 42. Kxg1 Qd1+ 43. Kf2 Qd2+ 44. Kg3 Qe1+ 45. Kg2 Qd2+ 46. Kg3 Qd6+
47. Kg2 Qd7 48. Qg3+ Kf7 49. Qh3 Qd2+ 50. Kg3 Qxe3 51. Qf5+ Ke7 52. Qxh7+ Kd6
53. Qg6 Qg1+ 0-1

[Event "FSV-ch 2014"]
[Site "Offene VM 2014"]
[Date "2014.06.05"]
[Round "8.9"]
[White "Vogt, Christian"]
[Black "Reschop, Romano"]
[Result "0-1"]
[WhiteElo "1572"]
[BlackElo "1701"]
[PlyCount "75"]
[EventDate "2014.??.??"]
[Source "Pit Schulenburg"]
[SourceDate "2014.03.06"]

1. d4 Nf6 2. c4 e5 3. dxe5 Ne4 4. Nf3 Bb4+ 5. Nbd2 Bxd2+ 6. Bxd2 Nxd2 7. Qxd2
Nc6 8. a3 Qe7 9. e3 Nxe5 10. Nxe5 Qxe5 11. Qd4 d6 12. Qxe5+ dxe5 13. Bd3 Be6
14. O-O Ke7 15. Rfd1 Rad8 16. Be2 a5 17. b4 axb4 18. axb4 Rxd1+ 19. Rxd1 Ra8
20. c5 f5 21. h3 Ra2 22. Kf1 Rb2 23. c6 bxc6 24. g4 fxg4 25. hxg4 Rxb4 26. f3
c5 27. Rd2 Rb3 28. Kf2 c4 29. Rc2 c3 30. Bd3 h6 31. Ke2 Kd6 32. Ba6 Kc5 33. Kd3
Kb4 34. Rc1 Ra3 35. Rb1+ Bb3 36. Bc8 c2 37. Rxb3+ Kxb3 38. Be6+ 0-1

[Event "FSV-ch 2014"]
[Site "Offene VM 2014"]
[Date "2014.06.05"]
[Round "8.10"]
[White "Rauschenbusch, Udo"]
[Black "Schirmer, Michael"]
[Result "1-0"]
[WhiteElo "1674"]
[BlackElo "1523"]
[PlyCount "51"]
[EventDate "2014.??.??"]
[Source "Pit Schulenburg"]
[SourceDate "2014.03.06"]

1. d4 e6 2. Nf3 c5 3. c3 Nf6 4. Bg5 Be7 5. e3 d6 6. Bd3 h6 7. Bh4 O-O 8. O-O
Nbd7 9. Nbd2 d5 10. b3 b6 11. e4 Bb7 12. e5 Ne4 13. Bxe7 Qxe7 14. Qc2 cxd4 15.
Nxe4 dxe4 16. Bxe4 Bxe4 17. Qxe4 dxc3 18. Rac1 Qc5 19. Rfd1 Rad8 20. Rd3 c2 21.
Rd2 Nf6 22. exf6 Rxd2 23. Nxd2 Qg5 24. fxg7 Qxd2 25. gxf8=Q+ Kxf8 26. Qxc2 1-0

[Event "FSV-ch 2014"]
[Site "Offene VM 2014"]
[Date "2014.06.05"]
[Round "8.11"]
[White "Khess, Roman"]
[Black "Zhang, Jingfu"]
[Result "1/2-1/2"]
[WhiteElo "1629"]
[BlackElo "1533"]
[PlyCount "147"]
[EventDate "2014.??.??"]
[Source "Pit Schulenburg"]
[SourceDate "2014.03.06"]

1. c4 Nf6 2. Nc3 e5 3. g3 g6 4. Bg2 Bg7 5. Nf3 d6 6. O-O O-O 7. d3 h6 8. Rb1
Re8 9. e4 Nc6 10. b4 a6 11. a4 Bg4 12. h3 Be6 13. Be3 Qc8 14. Kh2 a5 15. b5 Nb4
16. Nd5 Nfxd5 17. cxd5 Bd7 18. Qd2 Kh7 19. Rfc1 c5 20. Qe2 Qd8 21. Nd2 f5 22.
Nc4 Bc8 23. f4 exf4 24. Bxf4 Be5 25. Bxe5 dxe5 26. Rf1 Qc7 27. Qd2 Bd7 28. Rf3
Rad8 29. Rbf1 Bc8 30. Kh1 Rf8 31. Ne3 f4 32. Nc4 g5 33. gxf4 gxf4 34. b6 Qg7
35. Nxa5 Rd6 36. Nc4 Rg6 37. Qf2 Rg8 38. Rg1 Bd7 39. a5 Ba4 40. Nb2 Bb3 41. d4
Bc2 42. Qe2 Kh8 43. Rf2 cxd4 44. Rc1 d3 45. Qd2 Na2 46. Ra1 f3 47. Rxa2 Rxg2
48. Rxg2 fxg2+ 49. Kg1 Qf6 (49... Qf8 $1 50. Ra1 Qc5+ $19) 50. Ra1 Kh7 51. Qe3
Qh4 52. Kh2 Qf4+ 53. Qxf4 exf4 54. d6 f3 55. Kg1 d2 56. a6 bxa6 57. e5 Bb3 58.
Nd1 Bc4 59. Nf2 Rg5 60. d7 Rg8 61. Rd1 Rd8 62. Rxd2 a5 63. b7 a4 64. Ne4 a3 65.
Nc3 Rf8 66. Kf2 Rg8 67. Rd1 Bf1 68. Rxf1 gxf1=Q+ 69. Kxf1 Kg7 70. Kf2 Kf7 71.
Kxf3 Ke7 72. Ke4 Kxd7 73. Kd3 Rb8 74. Kc2 1/2-1/2

[Event "FSV-ch 2014"]
[Site "Offene VM 2014"]
[Date "2014.06.05"]
[Round "8.12"]
[White "Hast, Stefan"]
[Black "Reinacher, Detlev"]
[Result "0-1"]
[WhiteElo "1201"]
[BlackElo "1552"]
[PlyCount "64"]
[EventDate "2014.??.??"]
[Source "Pit Schulenburg"]
[SourceDate "2014.03.06"]

1. e4 d6 2. d4 g6 3. Nf3 Bg7 4. Nc3 Nf6 5. Bc4 O-O 6. O-O c6 7. h3 Qc7 8. Bb3
Nbd7 9. Re1 e5 10. d5 Nc5 11. dxc6 bxc6 12. Bg5 Nxb3 13. axb3 Be6 14. Qd2 Rfd8
15. Ra6 Bc8 16. Ra2 Bb7 17. b4 a6 18. Qe3 Re8 19. Na4 Nd7 20. c4 f6 21. Bh4 g5
22. Nxg5 fxg5 23. Bxg5 Nf6 24. Bh6 a5 25. b5 cxb5 26. cxb5 Bxe4 27. b6 Qf7 28.
Nc3 Bc6 29. Rea1 Qg6 30. Qg5 Bxh6 31. Qxg6+ hxg6 32. Rxa5 Nd7 0-1